Proceedings of the Ringberg Workshop New Trends in HERA Physics (Record no. 531192)
[ view plain ]
| 000 -LEADER | |
|---|---|
| fixed length control field | 00406nam a2200133Ia 4500 |
| 008 - FIXED-LENGTH DATA ELEMENTS--GENERAL INFORMATION | |
| fixed length control field | 191014s9999 xx 000 0 und d |
| 020 ## - INTERNATIONAL STANDARD BOOK NUMBER | |
| International Standard Book Number | 981-02-3398-1 |
| 082 ## - DEWEY DECIMAL CLASSIFICATION NUMBER | |
| Classification number | 359.72 |
| Author Mark | KNI |
| 100 ## - MAIN ENTRY--PERSONAL NAME | |
| Personal name | B A Kniehl, G Kramer & A Wagner |
| 9 (RLIN) | 20597 |
| 245 #0 - TITLE STATEMENT | |
| Title | Proceedings of the Ringberg Workshop New Trends in HERA Physics |
| 260 ## - PUBLICATION, DISTRIBUTION, ETC. | |
| Place of publication, distribution, etc. | Singapore |
| Name of publisher, distributor, etc. | World Scientific Company |
| Date of publication, distribution, etc. | 1998 |
| 300 ## - PHYSICAL DESCRIPTION | |
| Extent | Ix,389 |
| 942 ## - ADDED ENTRY ELEMENTS (KOHA) | |
| Koha item type | Book |
| Withdrawn status | Lost status | Damaged status | Not for loan | Permanent Location | Current Location | Date acquired | Source of acquisition | Cost, normal purchase price | Total Checkouts | Full call number | Barcode | Date last seen | Date last checked out | Price effective from | Koha item type |
|---|---|---|---|---|---|---|---|---|---|---|---|---|---|---|---|
| School of Natural Sciences (SNS) | School of Natural Sciences (SNS) | 10/15/2019 | Donation | 0.00 | 1 | 359.72KNI | SNS0002969 | 09/24/2024 | 09/11/2024 | 10/15/2019 | Book |
